000 00605nam a2200217Ia 4500
005 20241216010718.0
008 180423s9999||||xx |||||||||||||| ||und||
082 _a050.549
_bU61
100 _aUNITED STATES DEPATMENT OF THE INTERIOR
245 0 _aMINERALS YEARBOOK 1940
250 _a0
260 _aWASHINGTON-USA
_bU.S.GOVERNM.PRINT.OFFICE
_c1940
300 _a1514 pag.
_c24 cm
341 _h0
490 _v0
_a0
505 _aESTADISTICA-PRODUCCION MINERALES/NO METALES
541 _aD
_bBANCO MINERO DEL PERU
_d04-Jul-95
650 _aOBRAS GENERALES
856 _zDeposito
942 _cLIBRO
999 _c21965
_d21965